| 000 | 00463nam a22001817a 4500 | ||
|---|---|---|---|
| 003 | CEME | ||
| 005 | 20210628202458.0 | ||
| 008 | 210208b xxu||||| |||| 00| 0 eng d | ||
| 020 | _a0-333-92098-8 | ||
| 040 | _c. | ||
| 082 | _a620.105 ZHA | ||
| 100 |
_aZhang, Liangchi _960080 |
||
| 245 | _aSolid mechanics for engineers | ||
| 260 |
_aNEW YORK _bPALGRAVE PUBLISHER _c2001 |
||
| 300 | _aXV,332P | ||
| 650 |
_aMECHANICS FOR ENGINEERS _960081 |
||
| 942 |
_cBK _2ddc |
||
| 999 |
_c569907 _d569907 |
||